000 00980nam a2200241 a 4500
001 000025578
005 20250206123232.0
008 110218s1993 dr a 000 0 spa d
040 _aDO-SdBNP
_bspa
_cBNPHU
082 _a324.97293
_bG861c
100 1 _aGrimaldi, Víctor,
_d1949-
_91699
245 1 0 _aCrisis en 1990 y una agenda nacional más allá de 1994 /
_cVíctor Grimaldi ; prólogo Jimmy Carter.
260 _aSanto Domingo :
_bAmigo del Hogar,
_c1993.
300 _a167 p. :
_bil. ;
_c32 cm.
500 _aIncluye datos biográficos del autor en las solapas
500 _aIncluye referencias bibliográficas y notas al pie de las páginas
590 _aInventariado, 2018/BT
650 4 _aElecciones
_zRepública Dominicana
_92992
651 4 _aRepública Dominicana
_xPolítica Y Gobierno
_y1961-
_9204
651 4 _aRepública Dominicana
_xCondiciones Económicas
_y1961-
_97344
700 1 2 _aCarter, Jimmy,
_epról.
_942958
910 _aValidado. Control de calidad. MFF
999 _c25070
_d25070